| 000 | 00683nac a22002171u 4500 | ||
|---|---|---|---|
| 010 | _a013557271 | ||
| 020 | _a0415386799 (hbk.) | ||
| 082 |
_a620.2 _bKUT |
||
| 090 |
_c8173 _d8173 |
||
| 100 | _aKuttruff, Heinrich. | ||
| 245 |
_aAcoustics : an introduction / _c Heinrich Kuttruff. |
||
| 260 |
_aLondon : _bTaylor & Francis, C.2007. _c C.2007. |
||
| 300 |
_axiii, 457 p. ; _c 24 cm. |
||
| 500 | _aFormerly CIP. Uk | ||
| 500 | _aDistributer: Al-Ahram. | ||
| 504 | _aIncludes bibliographical references and index. | ||
| 511 | _aCatalogued By: Mahitab. | ||
| 650 | _aSound. | ||
| 650 | _aAcoustical engineering. | ||
| 942 |
_cBB _k620.2 KUT |
||
| 999 |
_c8173 _d8173 |
||